01182nam a22002655a 450000500170000000800410001702000180005804000380007608200230011410000340013724500740017125000310024526000540027630000400033050000200037065000420039065100100043265300340044270000290047694200080050599900170051395201440053095201210067495201210079520161003150339.0160620t2014 maua fr 001 0 eng d a9781449689803 aEG-ScBUEbengcEG-ScBUEdEG-ScBUE04222a620.00151bZIL1 93955aZill, Dennis G.,d1940-10aAdvanced engineering mathematics /cDennis G. Zill, Warren S. Wright. a5th ed., International ed. aBurlington :bJones & Bartlett Learning,cc.2014. a(Various pagings) :bill. ;c28 cm. aIncludes index. 72BUEsh93194aEngineering mathematics. 2BUEsh bENGGENcJune2016cOctober20161 aWright, Warren S.933406 2ddc c21934d21906 00102ddc40708BaccahaMAINbMAINc1STd2016-06-20ePurchaseg456.00h25845l0o620.00151 ZILp000032699r2025-07-15 00:00:00v570.00yBB 00102ddc40708BaccahaMAINbMAINc1STd2016-10-03ePurchasel0o620.00151 ZILp000033808r2025-07-15 00:00:00yBB 00102ddc40708BaccahaMAINbMAINc1STd2016-10-03ePurchasel0o620.00151 ZILp000033809r2025-07-15 00:00:00yBB